000 00557nam a22001937a 4500
005 20251108173313.0
008 250721s2004 xx 000 0 ara d
020 _a9953299315
082 1 4 _aم/641.5/راي
100 1 _aرايت، جيني
245 1 0 _aفنون الطبخ التقنيات الكاملة /
264 1 _aبيروت :
_bالدار العربية للعلوم،
_c2004.
300 _a328 ص
650 1 7 _aالطبخ
650 1 7 _aعمليات الطبخ
700 1 _aتروي، إريك
942 _2ddc
_cREF
999 _c100803
_d100803